000 00522nam a2200145Ia 4500
008 220216s9999 xx 000 0 und d
100 _aKumar A
245 0 _aElectron beam radiation pre-treatment: A technique to improve rubber product quality and increase productivity
260 _bProceedings of the Asia Rub Tech Expo, 23-25 November 2006, Indian Rubber Institute, Kochi. pp.57-58.
650 _aElectron beam radiation
700 _aChakraborty S K
700 _aDas G P K
700 _aSarma K S S
942 _cJS
999 _c58527
_d58527